<?xml version="1.0" encoding="UTF-8"?>
<record
    xmlns:xsi="http://www.w3.org/2001/XMLSchema-instance"
    xsi:schemaLocation="http://www.loc.gov/MARC21/slim http://www.loc.gov/standards/marcxml/schema/MARC21slim.xsd"
    xmlns="http://www.loc.gov/MARC21/slim">

  <leader>01023nam a2200277 a 4500</leader>
  <controlfield tag="001">BRL_1245</controlfield>
  <controlfield tag="005">20190320211116.0</controlfield>
  <controlfield tag="008">041213s1993----mx-a######---#000-0#spa-#</controlfield>
  <datafield tag="020" ind1=" " ind2=" ">
    <subfield code="a">9682958024</subfield>
  </datafield>
  <datafield tag="041" ind1=" " ind2=" ">
    <subfield code="a">spa</subfield>
  </datafield>
  <datafield tag="044" ind1=" " ind2=" ">
    <subfield code="a">mx</subfield>
  </datafield>
  <datafield tag="050" ind1=" " ind2="4">
    <subfield code="a">ND259.R33</subfield>
    <subfield code="b">.F36 1993</subfield>
  </datafield>
  <datafield tag="100" ind1="1" ind2=" ">
    <subfield code="a">Rabel, Fanny</subfield>
    <subfield code="d">1924-</subfield>
    <subfield code="9">23225</subfield>
  </datafield>
  <datafield tag="245" ind1="1" ind2="0">
    <subfield code="a">Fanny Rabel</subfield>
    <subfield code="b">50 a&#xF1;os de producci&#xF3;n art&#xED;stica : exposici&#xF3;n retrospectiva, octubre 1993</subfield>
    <subfield code="c">pr&#xF3;l. Gerardo Estrada.</subfield>
  </datafield>
  <datafield tag="260" ind1=" " ind2=" ">
    <subfield code="a">M&#xE9;xico, D.F.</subfield>
    <subfield code="b">Museo del Palacio de Bellas Artes : CNCA : INBA</subfield>
    <subfield code="c">1993</subfield>
  </datafield>
  <datafield tag="300" ind1=" " ind2=" ">
    <subfield code="a">[60] p.</subfield>
    <subfield code="b">il. (algunas a color)</subfield>
    <subfield code="c">27 cm.</subfield>
  </datafield>
  <datafield tag="500" ind1=" " ind2=" ">
    <subfield code="a">Au1404</subfield>
  </datafield>
  <datafield tag="500" ind1=" " ind2=" ">
    <subfield code="a">Exposici&#xF3;n presentada en el Museo del Palacio de Bellas Artes en oct. de 1993</subfield>
  </datafield>
  <datafield tag="600" ind1="1" ind2="4">
    <subfield code="a">Rabel, Fanny</subfield>
    <subfield code="d">1924-</subfield>
    <subfield code="x">Exposiciones</subfield>
    <subfield code="9">26263</subfield>
  </datafield>
  <datafield tag="650" ind1="1" ind2="4">
    <subfield code="a">Pintores mexicanos</subfield>
    <subfield code="v">Exposiciones</subfield>
    <subfield code="9">23226</subfield>
  </datafield>
  <datafield tag="700" ind1="1" ind2=" ">
    <subfield code="a">Estrada, Gerardo</subfield>
    <subfield code="e">pr&#xF3;l.</subfield>
    <subfield code="9">26264</subfield>
  </datafield>
  <datafield tag="710" ind1="2" ind2=" ">
    <subfield code="a">Consejo Nacional para la Cultura y las Artes</subfield>
    <subfield code="9">26265</subfield>
  </datafield>
  <datafield tag="710" ind1="2" ind2=" ">
    <subfield code="a">Instituto Nacional de Bellas Artes</subfield>
    <subfield code="9">26266</subfield>
  </datafield>
  <datafield tag="902" ind1=" " ind2=" ">
    <subfield code="a">GRL</subfield>
  </datafield>
  <datafield tag="942" ind1=" " ind2=" ">
    <subfield code="2">lcc</subfield>
    <subfield code="c">B</subfield>
  </datafield>
  <datafield tag="999" ind1=" " ind2=" ">
    <subfield code="c">10057</subfield>
    <subfield code="d">10057</subfield>
  </datafield>
  <datafield tag="952" ind1=" " ind2=" ">
    <subfield code="0">0</subfield>
    <subfield code="1">0</subfield>
    <subfield code="4">0</subfield>
    <subfield code="7">0</subfield>
    <subfield code="a">BRL</subfield>
    <subfield code="b">BRL</subfield>
    <subfield code="d">2013-12-04</subfield>
    <subfield code="i">Au1404</subfield>
    <subfield code="l">0</subfield>
    <subfield code="o">ND259.R33 .F36 1993 (Au1404)</subfield>
    <subfield code="p">GRL01362</subfield>
    <subfield code="r">2019-03-22 00:00:00</subfield>
    <subfield code="w">2019-03-22</subfield>
    <subfield code="y">B</subfield>
  </datafield>
</record>
